French First Ladies - Statistics

General Stats
  • This quiz has been taken 26 times
    9 since last reset
  • The average score is 3 of 26
Answer Stats
Hint Answer % Correct
Nicolas Sarkozy Carla Bruni
78%
Nicolas Sarkozy Cécilia Ciganer-Albéniz
56%
François Hollande Julie Gayet
56%
Jacques Chirac Bernadette Chodron de Courcel
44%
François Hollande Valérie Trierweiler
44%
Charles de Gaulle Yvonne Vendroux
33%
Valéry Giscard d'Estaing Anne-Aymone Sauvage de Brantes
11%
Georges Pompidou Claude Cahour
11%
François Mitterand Danielle Gouze
11%
Félix Faure Berthe Beluot
0%
Paul Doumer Blanche Richel
0%
Emmanuel Macron Brigitte Auzière
0%
Marie François Sady Carnot Cécile Dupont-White
0%
Jules Grévy Coralie Fraisse
0%
Patrice de MacMahon Elisabeth de la Croix de Castries
0%
Adolphe Tiers Elise Dosne
0%
Paul Deschanel Germaine Brice de Viele
0%
René Coty Germaine Corblet
0%
Jean Casimir-Perier Hélène Perier-Vitet
0%
Raymond Poincaré Henriette Benucci
0%
Armand Fallières Jeanne Bresson
0%
Gaston Doumergue Jeanne Gaussal
0%
Alexandre Millerand Jeanne Levayer
0%
Albert François Lebrun Marguerite Nivoit
0%
Emile Loubet Marie-Louise Picard
0%
Vincent Auriol Michelle Aucouturier
0%
No matching quizzes found
Score Distribution
Percent of People with Each Score
Percentile by Number Answered
Your Score History
You have not taken this quiz since the last reset